Manual das Sentenȧs e Atos Judiciais Cv̕eis

Detalles Bibliográficos
Autor principal: Silva, Amaury
Formato: eBook
Lenguaje:portugués
Publicado: San Pablo: JH Mizuno, 2017
Materias:
Acceso en línea:Acceso restringido

MARC

LEADER 00000nam a22000007a 4500
005 20180305234840.0
007 cr|||| ||||
008 180305s2017 br |||||s|||| 00||0 por d
020 |a 978-85-7789-219-8 
035 |a 21021 
040 |a vLex 
090 |c 7448  |d 7448 
100 1 |a Silva, Amaury 
245 1 0 |a Manual das Sentenȧs e Atos Judiciais Cv̕eis  |h [Recurso electrn̤ico] /  |c Amaury Silva 
256 |a Servicio en ln̕ea 
260 |a San Pablo:  |b JH Mizuno,  |c 2017 
300 |a 1 recurso electrn̤ico 
500 |a Manual das Sentenȧs e Atos Judiciais Cv̕eis na sua 2® ediȯ̂ foi objeto de uma intensa revitalizaȯ̂ do conted︢o, a partir de criteriosa revisô e adequaȯ̂ ao texto do Novo Cd̤igo de Processo Civil (Lei 13.105/2015). O x̊ito da ediȯ̂ inaugural respaldou o desafio da manutenȯ̂ da qualidade do trabalho anterior, trazendo a refern̊cia do novo, a partir da sl̤ida formaȯ̂ do autor como professor, mestre em direitos humanos e magistrado. Com isso, as queste̳s abordadas foram construd̕as na forma de decise̳s, despachos, sentenȧs e outros expedientes prp̤rios de uma rotina forense, integradas ̉nova concepȯ̂ do processo civil (CPC/2015). E nô ̌s ̤isso, o conted︢o apresentado se encontra ampliado com os assuntos mais intensos e palpitantes da jurisdiȯ̂ cv̕el (liminares em aė̳s de despejo, judicializaȯ̂ da sad︢e, aė̳s previdencir̀ias, revise̳s de contrato, novo Cd̤igo Florestal e outros temas relevantes). Manual com essa roupagem de vanguarda se torna obra indispensv̀el para o interessado na produȯ̂ da decisô judicial de qualidade: magistrados, assessores, escrivês, candidatos a concursos da magistratura, enfim, a todos que militem no foro cv̕el. 
506 1 |a Disponible solo en los productos indicados  |d vLex Global  |d vLex Global (Academic Edition, excluding Law Schools)  |d vLex Global (U.S. Academic Edition, Law Schools)  |d vLex Global (U.S. Academic Edition, excluding Law Schools)  |d vLex Global (Academic Edition, Law Schools) 
650 0 4 |a Derecho Civil  |z Brasil 
740 0 |a vLex Libros (Servicio en ln̕ea) 
856 4 0 |u http://vlex.com/source/manual-das-senten-as-e-atos-judiciais-civeis-21021  |z Acceso restringido 
942 |c BOOK 
999 0 |a Civil Law